000
00315nam a22001337a 4500
008
180730b xxu||||| |||| 00| 0 eng d
082
_a
813.52
245
_a
Structure and function of the human body
_c
Cohen, B.J
260
_c
2005
300
_a
1
_f
CD
440
_x
18006383030
760
_b
8th
942
_2
ddc
_c
MX
999
_c
46668
_d
46668